000 00677nam a2200229 a 4500
999 _c346
_d346
001 346
003 BD-JhCC
005 20171004093009.0
008 171004s2013 bg |||| ||a| 000 0 ben d
020 _a9789845021076
035 _a(BD-JhCC)346
040 _aBD-JhCC
_dBD-JhCC
041 _aben
082 _a954.025
_bAHM 2013
100 _aআহমেদ, হুমায়ূন
245 _aবাদশাহ নামদার /
_cহুমায়ূন আহমেদ
260 _aঢকা :
_bঅন্যপ্রকাশ প্রকাশনী,
_c2013.
300 _a231 p.:
_c20 cm.
650 _aIndia Mogul Empire
942 _2ddc
_cBK